Georgina Jiménez, una feminista en los inicios de la sociología panameña /
Uloženo v:
| Hlavní autor: | |
|---|---|
| Médium: | Text |
| Témata: | |
| Tagy: |
Přidat tag
Žádné tagy, Buďte první, kdo vytvoří štítek k tomuto záznamu!
|
MARC
| LEADER | 00000 a a2200000 04500 | ||
|---|---|---|---|
| 001 | 9383 | ||
| 003 | |||
| 040 | |||
| 100 | |a Barrantes, Briseida | ||
| 245 | |a Georgina Jiménez, una feminista en los inicios de la sociología panameña / |c Briseida Barrantes | ||
| 650 | |a MUJERES | ||
| 650 | |a SOCIOLOGIA | ||
| 650 | |a FEMINISMO | ||
| 650 | |a MOVIMIENTOS SOCIALES | ||
| 650 | |a DERECHOS DE LA MUJER | ||
| 650 | |a PARTIDOS POLITICOS | ||
| 650 | |a TEORIA | ||
| 773 | |g número 417; páginas 64-73 | ||
| 999 | |c 37406 |d 37406 | ||
